000 00516nam a2200205Ia 4500
005 20220125112113.0
008 131103s9999 xx 000 0 und d
040 _aLoreto College
041 _aEnglish
082 _a551.4
_bSTR
100 _aStrahler, Arthur N.
245 _aExercises in physical geography
_cArthur N. Strahler
250 _a2nd ed.
260 _aNew York
_bJohn wiley
_c1975
300 _a319p.
650 _aEarth science
651 _aGeomorphology
850 _aLCLIB
942 _cBK
999 _c23002
_d73481